El método de casos: justificación pedagógica

Furkejuvvon:
Bibliográfalaš dieđut
Váldodahkki: Klein, Juan (Dahkki)
Materiálatiipa: Girji
Giella:espánnjágiella
Almmustuhtton: Buenos Aires Osmar D. Buyatti 2003
Preanttus:1a. ed
Fáttát:
Fáddágilkorat: Lasit fáddágilkoriid
Eai fáddágilkorat, Lasit vuosttaš fáddágilkora!

MARC

LEADER 00000nam a2200000 a 4500
001 UCL7701
003 CL-VaPUC
008 040528e20030000AG |||||||||||||||||spa|d
020 |a 9879156986 
082 0 4 |a 370.7  |b KLE  |2 21 
100 0 |a Klein, Juan  |e author  |9 485563 
245 1 3 |a El método de casos: justificación pedagógica 
250 |a 1a. ed 
300 |a 93 p 
942 |c BK 
945 |d 20040528 00:00:00  |a cmena 
260 |a Buenos Aires  |b Osmar D. Buyatti  |c 2003 
650 0 |a Investigación educacional   |9 261192 
650 0 |a Métodos de investigación   |9 262618 
650 0 |a Métodos de enseñanza  |9 270413 
650 0 |a Evaluación de la educación   |9 237505 
583 |a last modification  |c 20040528 00:00:00  |k Rodrigo Vera 
999 |c 309325  |d 309323 
952 |0 0  |1 0  |4 0  |6 370_700000000000000_KLE_2003  |7 0  |8 A  |9 376751  |a BIBGIM  |b BIBGIM  |d 2019-11-21  |i 402124K  |o 370.7 KLE 2003  |p 402124K  |r 2025-01-15  |w 2019-11-21  |y BK  |k COM